دو پھول / (Record no. 171972)

MARC details
000 -LEADER
fixed length control field 00542nam a22001937a 4500
005 - DATE AND TIME OF LATEST TRANSACTION
control field 20200124101939.0
010 ## - LCCN (DPL NO)
LC control number B-29247
020 ## - INTERNATIONAL STANDARD BOOK NUMBER
Terms of availability 40.00
035 ## - SYSTEM CONTROL NUMBER
System control number B-29247
037 ## - SOURCE OF ACQUISITION
Source of stock number/acquisition BPPD/Pub.
082 ## - DEWEY DECIMAL CLASSIFICATION NUMBER
Classification number ک
100 ## - MAIN ENTRY--PERSONAL NAME
Personal name عابد ضمیر
245 ## - TITLE STATEMENT
Title دو پھول /
Statement of responsibility, etc عابد ضمیر
246 ## - VARYING FORM OF TITLE
Title proper/short title Do Phool (Urdu) /
Remainder of title by Abid Zameer
260 ## - PUBLICATION, DISTRIBUTION, ETC. (IMPRINT)
Place of publication, distribution, etc New Delhi
Name of publisher, distributor, etc Nirali Duniya Publications
Date of publication, distribution, etc 2000 ء
270 ## - ADDRESS
Address 358-A, Bazar Delhi Gate, Daryaganj
City New Delhi
Postal code 110002
300 ## - PHYSICAL DESCRIPTION
Extent 96p.
Dimensions 22cm(Hb)
942 ## - ADDED ENTRY ELEMENTS (KOHA)
Source of classification or shelving scheme Dewey Decimal Classification
Item type Urdu Bks
Classification part ک
Call number suffix ع ا ب
Holdings
Withdrawn status Lost status Not for loan Collection code Home library Current library Date acquired Source of acquisition Cost, normal purchase price Full call number Barcode Copy number Cost, replacement price Koha item type
      Non-fiction Central Library Central Library 24/01/2020 BPPD/Ven. 40.00 ک ع ا ب B-29247 1 40.00 Urdu Bks

© Delhi Public Library
Hit Counter
free hit counter